Thermal Remote Sensing in Land Surface Processing / (Record no. 616196)

000 -LEADER
fixed length control field 00558nam a22001817a 4500
003 - CONTROL NUMBER IDENTIFIER
control field NUST
005 - DATE AND TIME OF LATEST TRANSACTION
control field 20260213094444.0
008 - FIXED-LENGTH DATA ELEMENTS--GENERAL INFORMATION
fixed length control field 260213b ||||| |||| 00| 0 eng d
020 ## - INTERNATIONAL STANDARD BOOK NUMBER
International Standard Book Number 978-1000031973
082 ## - DEWEY DECIMAL CLASSIFICATION NUMBER
Classification number 551.321
Author Mark QUA
100 ## - MAIN ENTRY--PERSONAL NAME
Personal name Dale A. Quattrochi & Jeffrey C. Luvall.
9 (RLIN) 133191
245 ## - TITLE STATEMENT
Title Thermal Remote Sensing in Land Surface Processing /
Statement of responsibility, etc. Dale A. Quattrochi & Jeffrey C. Luvall.
250 ## - EDITION STATEMENT
Edition statement 1st Edition
260 ## - PUBLICATION, DISTRIBUTION, ETC.
Place of publication, distribution, etc. Florida:
Name of publisher, distributor, etc. CRC Press,
Date of publication, distribution, etc. 2004.
300 ## - PHYSICAL DESCRIPTION
Extent xxii, 440 p ;
Dimensions 29.00 cm.
563 ## - BINDING INFORMATION
Binding note Hardcover
942 ## - ADDED ENTRY ELEMENTS (KOHA)
Source of classification or shelving scheme
Koha item type Book
Holdings
Withdrawn status Lost status Source of classification or shelving scheme Damaged status Not for loan Permanent Location Current Location Date acquired Total Checkouts Full call number Barcode Date last seen Price effective from Koha item type
          Institute of Geographical Information Systems (IGIS) Institute of Geographical Information Systems (IGIS) 02/13/2026   551.321 QUA IGIS-237 02/13/2026 02/13/2026 Book
          Institute of Geographical Information Systems (IGIS) Institute of Geographical Information Systems (IGIS) 02/13/2026   551.321 QUA IGIS-239 02/13/2026 02/13/2026 Book
          Institute of Geographical Information Systems (IGIS) Institute of Geographical Information Systems (IGIS) 02/13/2026   551.321 QUA IGIS-240 02/13/2026 02/13/2026 Book
          Institute of Geographical Information Systems (IGIS) Institute of Geographical Information Systems (IGIS) 02/13/2026   551.321 QUA IGIS-236 02/13/2026 02/13/2026 Book
          Institute of Geographical Information Systems (IGIS) Institute of Geographical Information Systems (IGIS) 02/13/2026   551.321 QUA IGIS-238 02/13/2026 02/13/2026 Book
© 2023 Central Library, National University of Sciences and Technology. All Rights Reserved.